000
00310nam a22001337a 4500
020
_q
PB.
040
_c
FIZZA ISHAQ
082
_a
005.74
_b
HON
100
_a
HONG,
_9
89665
245
_a
DATABASE SYSTEM FOR ADVANCE APPLICATION /
_c
HONG.
260
_a
NEW YORK ;
_c
2016.
300
_a
394 P. ;
942
_2
ddc
_c
BK
999
_c
588289
_d
588289